Multi-dimensional review of Myanmar
Guardado en:
| Formato: | Libro |
|---|---|
| Lenguaje: | inglés |
| Publicado: |
Paris
OECD
2014
|
| Colección: | OECD development pathways
|
| Materias: | |
| Etiquetas: |
Sin Etiquetas, Sea el primero en etiquetar este registro!
|
MARC
| LEADER | 00000nam a2200000 4500 | ||
|---|---|---|---|
| 001 | 0211811 | ||
| 005 | 20240315120936.3 | ||
| 020 | |a 978-92-64-22056-0 | ||
| 041 | 0 | |a eng | |
| 044 | |a FR | ||
| 245 | 1 | 0 | |a Multi-dimensional review of Myanmar |
| 264 | 1 | |a Paris |b OECD |c 2014 | |
| 300 | |a 232 s. | ||
| 490 | 1 | |a OECD development pathways | |
| 830 | 0 | |a OECD development pathways | |
| 610 | 2 | 0 | |a transformácia |
| 610 | 2 | 0 | |a situácia hospodárska |
| 610 | 2 | 0 | |a poľnohospodárstvo |
| 610 | 2 | 0 | |a výroba |
| 610 | 2 | 0 | |a služby |
| 610 | 2 | 0 | |a zdroje finančné |
| 610 | 2 | 0 | |a zručnosti |
| 610 | 2 | 0 | |a investovanie |
| 610 | 2 | 0 | |a pomoc rozvojová |
| 610 | 2 | 0 | |a vláda |
| 610 | 2 | 0 | |a Mjanmarsko |